Vista normal
Vista MARC
- NOVELA
Entrada Topical Term
Número de registros utilizados en: 4
001 - CONTROL NUMBER
- control field: 2193
003 - CONTROL NUMBER IDENTIFIER
- control field: OSt
005 - DATE AND TIME OF LATEST TRANSACTION
- control field: 20160125120716.0
008 - FIXED-LENGTH DATA ELEMENTS
- fixed length control field: 160125|| aca||aabn | a|a d
040 ## - CATALOGING SOURCE
- Original cataloging agency: OSt
- Transcribing agency: OSt
150 ## - HEADING--TOPICAL TERM
- Topical term or geographic name entry element: NOVELA
670 ## - SOURCE DATA FOUND
- Source citation: Work cat.: (OSt): Chaves, José Ricardo 2192, Los susurros de Perseo, 2008